Statistiques concernant Pays ayant la meilleure espérance de vie

Cliquez ici pour prendre le quiz!

Statistiques générales

  • Ce quiz a été pris 12 524 fois
    (2 774 depuis la dernière actualisation)
  • Le résultat moyen est 15 sur 20

Statistiques - réponses

AnnéesPays% Correct
82.2France
97%
86.0Japon
95%
82.1Norvège
90%
83.4Canada
90%
82.4Suède
90%
82.5Italie
89%
82.0Espagne
87%
82.8Suisse
85%
82.7Australie
80%
89.3Monaco
79%
82.6Corée du Sud
76%
83.0Andorre
75%
82.6Luxembourg
74%
83.3Islande
71%
82.1Nouvelle-Zélande
70%
82.2Liechtenstein
69%
83.5Saint-Marin
68%
86.0Singapour
58%
82.8Malte
50%
83.0Israël
29%

Distribution des résultats

Percentile par nombre de réponses

% des personnes avec chaque résultat

Votre développement - résultats

Vous n’avez pas pris ce quiz depuis la dernière actualisation